000 00825nam a2200217Ia 4500
999 _c39354
_d39354
001 5941
003 GE_BSU
005 20190823095917.0
008 181216s1954||||ge |||||||||||||| ||geo||
040 _cGE_BSU
041 _ageo
080 _a821.353.1-1 ა-13
100 _aაბაშიძე, ირაკლი
_93740
245 _aრჩეული :
_bლექსები /
_cირაკლი აბაშიძე ; რედ. შ. სულაბერიძე.
264 _aთბილისი :
_b[ბეჭდვითი სიტყვის კომბინატი] ;
_c1954.
300 _a361 გვ.;
_c20 სმ.
653 _aრჩეული
653 _aლექსები
700 _aსულაბერიძე, შ.
_eრედაქტორი
_93693
942 _cBK
_2udc